=LDR 00000nam 2200000 4500 =001 INLIS000000000038021 =005 20130612143722 =008 ***********************************Ind** =035 ##$$0010-061300000038021 =041 ##$$a Ind =100 ##$$a Baried Baroroh St =245 ##$$a Memahami Hikayat Dalam Sastra Indonesia =260 ##$$a Pusat Pembinaan dan Pengembangan Bahasa Depdikbud $b Jakarta =300 ##$$a 129hlm, , ilus, , 20cm =850 ##$$a NBPNMAT